[Event "RUS-ch Men Blitz 2019"]
[Site "Sochi"]
[Date "2019.10.17"]
[Round "1.1"]
[White "Morozevich, Alexander"]
[Black "Chos, Alexey"]
[Result "1-0"]
[WhiteElo "2659"]
[BlackElo "2296"]
[Annotator "TA"]
[PlyCount "107"]
[EventDate "2019.10.17"]
[EventType "swiss"]
[EventCountry "RUS"]
[SourceTitle "playchess.com"]
[Source "ChessBase"]
[SourceQuality "1"]

{[%evp 9,107,29,44,48,46,47,48,37,33,30,50,29,56,50,58,50,62,52,76,45,45,30,33,25,114,111,111,98,159,-35,55,60,36,51,139,140,148,154,159,82,93,83,121,89,146,43,65,36,39,37,37,0,0,0,0,0,59,52,63,68,81,81,63,77,270,269,321,308,436,381,377,364,858,756,699,654,1311,1289,1143,1245,29980,29981,29975,11087,29981,29982,29988,29989,29989,29988,29988,29989,29991,29992,29992,29993,29993,29994,29995,29996]} 1. e4 c5 2. Nc3 d6 3. d4 cxd4 4. Qxd4 Bd7 (4... Nc6 5. Qd2 Nf6 6. b3 e6 7. Bb2 d5 8. exd5 exd5 9. O-O-O Be6 10. a3 Bc5 11. Nf3 {½-½ (49) Caruana,F (2819)-Vachier Lagrave,M (2773) Karlsruhe/Baden Baden 2019}) 5. b3 Nc6 6. Qd2 {B23: Closed Sicilian: Lines without g3} Nf6 $146 ({Predecessor:} 6... g6 7. Bb2 Bg7 8. O-O-O Nf6 9. f3 O-O 10. g4 a5 11. Kb1 {1-0 (32) Sevian,S (2613)-Xiong,J (2665) Saint Louis 2018}) 7. Bb2 e6 8. O-O-O {White is slightly better.} a6 9. f3 Be7 10. Kb1 Qa5 11. g4 h6 12. h4 O-O-O 13. Bg2 Kb8 14. Nh3 Bc8 15. g5 Nh5 16. f4 e5 (16... f6 $11) 17. f5 $16 hxg5 18. hxg5 f6 (18... Ng3 $142) 19. g6 $2 (19. Nd5 $16 Qxd2 20. Rxd2) 19... d5 (19... Ng3 $15 20. Rhe1 d5) 20. Nxd5 $14 {And now Qxa5 would win.} Qxd2 21. Rxd2 Bc5 (21... Ng3 $14 22. Rhd1 Bc5) 22. Rd3 $16 Nb4 23. Nxb4 $1 Bxb4 24. Rhd1 ({White should try} 24. Ng5 {Nf7 is the strong threat.} Nf4 {[%mdl 64] Double Attack} 25. Rxd8 Rxd8 26. Nf7) 24... Rxd3 25. Rxd3 Be7 26. Bc1 Kc7 (26... b6 $142) 27. Bf1 (27. Rc3+ $16 Kb8 28. Rd3) 27... Bd6 28. Be2 Nf4 29. Nxf4 exf4 30. Rxd6 {[%mdl 64] Remove Defender} (30. Rc3+ {feels hotter.} Kd8 31. Rf3 Rh4 32. a4 Bd7 33. Bd3) 30... Kxd6 31. Bxf4+ $14 {[%mdl 4096] Endgame KRB-KB} Ke7 32. Bd3 Rh3 (32... b5 $11) 33. Kb2 Bd7 34. Kc3 $1 Bb5 35. Kd4 Bxd3 36. cxd3 $16 {KR-KB} Rf3 $2 {[#]} (36... Rh8 $16 {was worth a try.}) 37. Bc7 $1 $18 Kd7 {[#]} 38. Bb6 $1 Rf2 (38... Rf1 {might work better.} 39. Bc5 Ke8) 39. a4 Rb2 40. Kc3 Rb1 $2 (40... Ra2 41. Bc5 Ke8) 41. Bc5 Rc1+ 42. Kd4 Rb1 43. Bf8 Rxb3 44. Bxg7 Ke7 45. e5 fxe5+ 46. Bxe5 (46. Kxe5 $142 Rc3 47. f6+ Kd7 48. f7 Rc5+ 49. Kd4 Rc6 50. f8=Q Rd6+ 51. Ke4) 46... Rb4+ 47. Kd5 {White mates.} Rxa4 48. f6+ Kd7 49. f7 Ra5+ 50. Ke4 Rxe5+ 51. Kxe5 Ke7 52. d4 a5 53. d5 a4 54. d6+ {Accuracy: White = 70%, Black = 29%.} 1-0

[Event "RUS-ch Men Blitz 2019"]
[Site "Sochi"]
[Date "2019.10.20"]
[Round "1.1"]
[White "Morozevich, Alexander"]
[Black "Nazaretyan, Tigran"]
[Result "1-0"]
[WhiteElo "2659"]
[BlackElo "2297"]
[Annotator "ChessBase"]
[PlyCount "79"]
[EventDate "2019.10.17"]
[EventType "swiss"]
[EventCountry "RUS"]
[SourceTitle "playchess.com"]
[Source "ChessBase"]
[SourceQuality "1"]
[TimeControl "180+2"]

1. e4 {[%emt 0:00:00]} c5 {[%emt 0:00:00]} 2. Nc3 {[%emt 0:00:01]} Nc6 {[%emt 0:00:01]} 3. Bb5 {[%emt 0:00:02]} Nd4 {[%emt 0:00:01]} 4. Nf3 {[%emt 0:00:01]} a6 {[%emt 0:00:05]} 5. Bd3 {[%emt 0:00:05]} Nc6 {[%emt 0:00:02]} 6. O-O {[%emt 0:00:02]} d6 {[%emt 0:00:01]} 7. h3 {[%emt 0:00:34]} g6 {[%emt 0:00:04]} 8. a4 {[%emt 0:00:24]} Bg7 {[%emt 0:00:06]} 9. Bc4 {[%emt 0:00:01]} Nf6 {[%emt 0:00:15]} 10. d3 {[%emt 0:00:01]} O-O {[%emt 0:00:05]} 11. Bg5 {[%emt 0:00:05]} h6 {[%emt 0:00:08]} 12. Be3 {[%emt 0:00:02]} e5 {[%emt 0:00:10]} 13. Nd2 {[%emt 0:00:12]} Be6 {[%emt 0:00:12]} 14. Bxe6 {[%emt 0:00:11]} fxe6 {[%emt 0:00:01]} 15. Ne2 {[%emt 0:00:01]} Nh5 {[%emt 0:00:09]} 16. c3 {[%emt 0:00:04]} Nf4 {[%emt 0:00:03]} 17. Bxf4 {[%emt 0:00:04]} exf4 {[%emt 0:00:02]} 18. Nf3 {[%emt 0:00:01]} Kh7 {[%emt 0:00:15]} 19. d4 {[%emt 0:00:03]} cxd4 {[%emt 0:00:08]} 20. cxd4 {[%emt 0:00:02]} e5 {[%emt 0:00:14]} 21. d5 {[%emt 0:00:01]} Nb4 {[%emt 0:00:06]} 22. a5 {[%emt 0:00:06]} b6 {[%emt 0:00:06]} 23. Qa4 {[%emt 0:00:13]} bxa5 {[%emt 0:00:05]} 24. Rfc1 {[%emt 0:00:06]} Nd3 {[%emt 0:00:02]} 25. Rc6 {[%emt 0:00:15]} Rb8 {[%emt 0:00:12]} 26. Qc4 {[%emt 0:00:08]} Nc5 {[%emt 0:00:07]} 27. Ra2 {[%emt 0:00:10]} Rb4 {[%emt 0:00:02]} 28. Qc2 {[%emt 0:00:01]} Nxe4 {[%emt 0:00:06]} 29. Nc3 {[%emt 0:00:09]} Nc5 {[%emt 0:00:12]} 30. Nd2 {[%emt 0:00:02]} f3 {[%emt 0:00:09]} 31. Nde4 {[%emt 0:00:06]} Nxe4 {[%emt 0:00:06]} 32. Nxe4 {[%emt 0:00:01]} fxg2 {[%emt 0:00:03]} 33. Ra3 {[%emt 0:00:04]} Qh4 {[%emt 0:00:02]} 34. Re3 {[%emt 0:00:04]} Rf4 {[%emt 0:00:08]} 35. Nxd6 {[%emt 0:00:05]} e4 {[%emt 0:00:10]} 36. Rc7 {[%emt 0:00:01]} Ra4 {[%emt 0:00:19]} 37. Kxg2 {[%emt 0:00:10]} Ra1 {[%emt 0:00:08]} 38. Nxe4 {[%emt 0:00:02]} Rf5 {[%emt 0:00:06]} 39. Qc3 {[%emt 0:00:09]} Rg5+ {[%emt 0:00:04]} 40. Ng3 {[%emt 0:00:13]} 1-0

[Event "RUS-ch Men Blitz 2019"]
[Site "Sochi"]
[Date "2019.10.17"]
[Round "1.2"]
[White "Ovod, Evgenija"]
[Black "Tsydypov, Zhamsaran"]
[Result "0-1"]
[WhiteElo "2347"]
[BlackElo "2553"]
[Annotator "ChessBase"]
[PlyCount "72"]
[EventDate "2019.10.17"]
[EventType "swiss"]
[EventCountry "RUS"]
[SourceTitle "playchess.com"]
[Source "ChessBase"]
[SourceQuality "1"]
[TimeControl "180+2"]

1. e4 {[%emt 0:00:00]} c5 {[%emt 0:00:00]} 2. c3 {[%emt 0:00:00]} Nf6 {[%emt 0:00:05]} 3. e5 {[%emt 0:00:01]} Nd5 {[%emt 0:00:01]} 4. Nf3 {[%emt 0:00:01]} e6 {[%emt 0:00:03]} 5. Bc4 {[%emt 0:00:03]} Nb6 {[%emt 0:00:03]} 6. Bb3 {[%emt 0:00:01]} c4 {[%emt 0:00:01]} 7. Bc2 {[%emt 0:00:01]} Nc6 {[%emt 0:00:01]} 8. O-O {[%emt 0:00:04]} Qc7 {[%emt 0:00:02]} 9. Re1 {[%emt 0:00:08]} d6 {[%emt 0:00:03]} 10. exd6 {[%emt 0:00:05]} Bxd6 {[%emt 0:00:02]} 11. b3 {[%emt 0:00:09]} a6 {[%emt 0:00:15]} 12. bxc4 {[%emt 0:00:23]} Nxc4 {[%emt 0:00:01]} 13. d3 {[%emt 0:00:01]} N4e5 {[%emt 0:00:03]} 14. Nbd2 {[%emt 0:00:26]} O-O {[%emt 0:00:06]} 15. d4 {[%emt 0:00:06]} Nxf3+ {[%emt 0:00:03]} 16. Nxf3 {[%emt 0:00:01]} Ne7 {[%emt 0:00:13]} 17. Qd3 {[%emt 0:00:07]} Ng6 {[%emt 0:00:09]} 18. h4 {[%emt 0:00:26]} f5 {[%emt 0:00:01]} 19. h5 {[%emt 0:00:06]} Ne7 {[%emt 0:00:07]} 20. h6 {[%emt 0:00:06]} Nd5 {[%emt 0:00:06]} 21. hxg7 {[%emt 0:00:06]} Qxg7 {[%emt 0:00:02]} 22. Ne5 {[%emt 0:00:14]} b5 {[%emt 0:00:08]} 23. a4 {[%emt 0:00:06]} Bb7 {[%emt 0:00:02]} 24. f3 {[%emt 0:00:06]} Rac8 {[%emt 0:00:07]} 25. Bd2 {[%emt 0:00:05]} Kh8 {[%emt 0:00:02]} 26. axb5 {[%emt 0:00:04]} axb5 {[%emt 0:00:00]} 27. Ra7 Rc7 28. Qxb5 {[%emt 0:00:17]} Rg8 {[%emt 0:00:25]} 29. Re2 {[%emt 0:00:09]} Bxe5 {[%emt 0:00:17]} 30. dxe5 {[%emt 0:00:01]} Nxc3 {[%emt 0:00:59]} 31. Bxc3 {[%emt 0:00:01]} Bxf3 {[%emt 0:00:01]} 32. Rxc7 {[%emt 0:00:02]} Qxc7 {[%emt 0:00:01]} 33. Bd4 {[%emt 0:00:17]} Qg7 {[%emt 0:00:02]} 34. Qd3 {[%emt 0:00:10]} Bxg2 {[%emt 0:00:03]} 35. Kf2 {[%emt 0:00:02]} Be4 {[%emt 0:00:06]} 36. Qh3 {[%emt 0:00:03]} Qg1# {[%emt 0:00:02]} 0-1

[Event "RUS-ch Men Blitz 2019"]
[Site "Sochi"]
[Date "2019.10.20"]
[Round "1.2"]
[White "Zakaryan, David"]
[Black "Yuffa, Daniil"]
[Result "1/2-1/2"]
[WhiteElo "2338"]
[BlackElo "2577"]
[Annotator "ChessBase"]
[PlyCount "155"]
[EventDate "2019.10.17"]
[EventType "swiss"]
[EventCountry "RUS"]
[SourceTitle "playchess.com"]
[Source "ChessBase"]
[SourceQuality "1"]
[TimeControl "180+2"]

1. d4 {[%emt 0:00:00]} Nf6 {[%emt 0:00:00]} 2. Nf3 {[%emt 0:00:00]} e6 {[%emt 0:00:00]} 3. c4 {[%emt 0:00:01]} Bb4+ {[%emt 0:00:01]} 4. Bd2 {[%emt 0:00:04]} Qe7 {[%emt 0:00:01]} 5. g3 {[%emt 0:00:02]} Bxd2+ {[%emt 0:00:03]} 6. Qxd2 {[%emt 0:00:01]} Nc6 {[%emt 0:00:02]} 7. Nc3 {[%emt 0:00:02]} d5 {[%emt 0:00:01]} 8. cxd5 {[%emt 0:00:14]} exd5 {[%emt 0:00:01]} 9. Bg2 {[%emt 0:00:01]} O-O {[%emt 0:00:02]} 10. O-O {[%emt 0:00:02]} Bg4 {[%emt 0:00:01]} 11. Qf4 {[%emt 0:00:03]} Bxf3 {[%emt 0:00:05]} 12. Bxf3 {[%emt 0:00:02]} Rad8 {[%emt 0:00:04]} 13. Rac1 {[%emt 0:00:02]} Rfe8 {[%emt 0:00:23]} 14. a3 {[%emt 0:00:02]} Na5 {[%emt 0:00:14]} 15. b4 {[%emt 0:00:11]} Nc6 {[%emt 0:00:20]} 16. e3 {[%emt 0:00:05]} h6 {[%emt 0:00:16]} 17. h4 {[%emt 0:00:01]} Nb8 {[%emt 0:00:21]} 18. Na4 {[%emt 0:00:08]} c6 {[%emt 0:00:01]} 19. Nc5 {[%emt 0:00:05]} a6 {[%emt 0:00:18]} 20. a4 {[%emt 0:00:02]} b6 {[%emt 0:00:05]} 21. Nd3 {[%emt 0:00:01]} Ne4 {[%emt 0:00:14]} 22. Bxe4 {[%emt 0:00:10]} dxe4 {[%emt 0:00:03]} 23. Ne5 {[%emt 0:00:01]} Qe6 {[%emt 0:00:01]} 24. Rc2 {[%emt 0:00:31]} f6 {[%emt 0:00:04]} 25. Nc4 {[%emt 0:00:11]} b5 {[%emt 0:00:30]} 26. axb5 {[%emt 0:00:04]} axb5 {[%emt 0:00:01]} 27. Nd2 {[%emt 0:00:07]} Nd7 {[%emt 0:00:07]} 28. Rfc1 {[%emt 0:00:22]} Rc8 {[%emt 0:00:01]} 29. h5 {[%emt 0:00:01]} Nb6 {[%emt 0:00:02]} 30. g4 {[%emt 0:00:43]} Nd5 31. Qf5 Qxf5 {[%emt 0:00:07]} 32. gxf5 {[%emt 0:00:01]} Nxb4 {[%emt 0:00:01]} 33. Kg2 {[%emt 0:00:21]} Nxc2 {[%emt 0:00:02]} 34. Rxc2 {[%emt 0:00:01]} Kf7 {[%emt 0:00:08]} 35. Kg3 {[%emt 0:00:00]} c5 {[%emt 0:00:06]} 36. dxc5 {[%emt 0:00:11]} Re5 {[%emt 0:00:01]} 37. Kf4 {[%emt 0:00:05]} Rcxc5 {[%emt 0:00:05]} 38. Rb2 {[%emt 0:00:09]} Rxf5+ {[%emt 0:00:01]} 39. Kxe4 {[%emt 0:00:01]} Rfe5+ {[%emt 0:00:02]} 40. Kf3 {[%emt 0:00:01]} Rxh5 {[%emt 0:00:02]} 41. Ne4 {[%emt 0:00:01]} Rcd5 {[%emt 0:00:05]} 42. Ng3 {[%emt 0:00:02]} Rhe5 {[%emt 0:00:02]} 43. Ne2 {[%emt 0:00:03]} h5 {[%emt 0:00:03]} 44. Nf4 {[%emt 0:00:01]} Rd6 {[%emt 0:00:02]} 45. Rc2 {[%emt 0:00:02]} Rd7 {[%emt 0:00:04]} 46. Rc6 {[%emt 0:00:02]} Rb7 {[%emt 0:00:01]} 47. Nd3 {[%emt 0:00:01]} Ree7 {[%emt 0:00:04]} 48. Nb4 {[%emt 0:00:02]} Rec7 {[%emt 0:00:04]} 49. Rd6 {[%emt 0:00:03]} Rc4 {[%emt 0:00:01]} 50. Nc6 {[%emt 0:00:02]} Rc7 {[%emt 0:00:08]} 51. Nd4 {[%emt 0:00:03]} b4 {[%emt 0:00:02]} 52. Rb6 {[%emt 0:00:02]} h4 {[%emt 0:00:01]} 53. Nf5 {[%emt 0:00:01]} h3 {[%emt 0:00:03]} 54. Nd6+ {[%emt 0:00:02]} Kg6 {[%emt 0:00:01]} 55. Nxc4 {[%emt 0:00:01]} Rxc4 {[%emt 0:00:01]} 56. Kg3 {[%emt 0:00:01]} Rh4 {[%emt 0:00:04]} 57. Kh2 {[%emt 0:00:06]} Kf5 {[%emt 0:00:03]} 58. Rb5+ {[%emt 0:00:01]} Ke6 {[%emt 0:00:02]} 59. f4 {[%emt 0:00:03]} g5 {[%emt 0:00:03]} 60. Rxb4 {[%emt 0:00:01]} g4 {[%emt 0:00:01]} 61. e4 {[%emt 0:00:09]} Rh8 {[%emt 0:00:02]} 62. Rb6+ {[%emt 0:00:02]} Kf7 {[%emt 0:00:01]} 63. Rb1 {[%emt 0:00:01]} Rc8 {[%emt 0:00:01]} 64. Rg1 {[%emt 0:00:03]} Rg8 {[%emt 0:00:03]} 65. Kg3 {[%emt 0:00:00]} f5 {[%emt 0:00:02]} 66. exf5 {[%emt 0:00:04]} Kf6 {[%emt 0:00:01]} 67. Re1 {[%emt 0:00:01]} Kxf5 {[%emt 0:00:01]} 68. Re5+ {[%emt 0:00:00]} Kf6 {[%emt 0:00:01]} 69. Rh5 {[%emt 0:00:01]} Rg7 {[%emt 0:00:05]} 70. Rh4 {[%emt 0:00:03]} Kf5 {[%emt 0:00:01]} 71. Rh5+ {[%emt 0:00:01]} Ke4 {[%emt 0:00:02]} 72. Re5+ {[%emt 0:00:01]} Kd4 {[%emt 0:00:01]} 73. Re1 {[%emt 0:00:02]} Kd5 {[%emt 0:00:04]} 74. f5 {[%emt 0:00:00]} Kd6 {[%emt 0:00:02]} 75. f6 {[%emt 0:00:01]} Rf7 {[%emt 0:00:01]} 76. Kxg4 h2 {[%emt 0:00:01]} 77. Kg3 {[%emt 0:00:01]} Rxf6 {[%emt 0:00:02]} 78. Kxh2 {[%emt 0:00:01]} 1/2-1/2

[Event "RUS-ch Men Blitz 2019"]
[Site "Sochi"]
[Date "2019.10.17"]
[Round "1.3"]
[White "Rublevsky, Sergei"]
[Black "Shemyakin, Valeriy"]
[Result "1-0"]
[WhiteElo "2651"]
[BlackElo "2192"]
[Annotator "TA"]
[PlyCount "61"]
[EventDate "2019.10.17"]
[EventType "swiss"]
[EventCountry "RUS"]
[SourceTitle "playchess.com"]
[Source "ChessBase"]
[SourceQuality "1"]

{[%evp 23,61,72,123,128,153,150,187,173,177,171,206,209,251,231,339,274,452,441,517,520,508,504,510,517,503,422,393,337,435,439,718,681,881,592,710,652,1195,1058,980,816]} 1. e4 d5 2. exd5 Qxd5 3. Nc3 Qa5 4. d4 Nf6 5. Nf3 Bg4 6. h3 Bxf3 7. Qxf3 c6 8. Bd2 e6 9. O-O-O Nbd7 10. Bc4 Qc7 11. g4 Nb6 12. Bb3 O-O-O ({Black should try} 12... Nbd5) 13. g5 $16 {B01: Scandinavian Defence} Nfd5 {[#]} (13... Ne8 14. Ne4 Nd6 15. Bf4 Nd5 16. Be5 Qd7 17. Nxd6+ Bxd6 18. c4 Nc7 19. Bxg7 Rhg8 20. Bf6 Be7 {1-0 (63) Sethuraman,S (2673)-Akobian,V (2641) Saint Louis 2018}) 14. Ne4 $1 Qd7 15. c4 {White is clearly better.} Nc7 16. Bf4 Qe8 17. Qg3 $146 ({Predecessor:} 17. Be5 Rd7 18. h4 Qd8 19. Nc5 Re7 20. Rhe1 h6 {1-0 (40) De Silva,D (2271)-Wolff,S (2073) IECG email 2002}) 17... Nba8 18. Rhe1 Bb4 (18... Be7 {is a better defense.} 19. Kb1 f6) 19. Re2 Qf8 $2 (19... Bf8 {was called for.} 20. d5 cxd5) 20. c5 $18 Nd5 21. Nd6+ Rxd6 22. Bxd6 Qe8 23. Bxd5 cxd5 24. Qb3 Ba5 25. Rc2 Qc6 26. Qf3 {White is clearly winning.} Qd7 (26... Rd8 $142 27. Qxf7 Qd7) 27. Qa3 Qd8 28. c6 b6 29. Bf4 b5 {[#]} 30. c7 $1 Bxc7 31. Qxa7 {Accuracy: White = 80%, Black = 20%.} 1-0

[Event "RUS-ch Men Blitz 2019"]
[Site "Sochi"]
[Date "2019.10.20"]
[Round "1.3"]
[White "Khismatullin, Denis"]
[Black "Ivlev, Aleksey"]
[Result "0-1"]
[WhiteElo "2611"]
[BlackElo "2292"]
[Annotator "ChessBase"]
[PlyCount "138"]
[EventDate "2019.10.17"]
[EventType "swiss"]
[EventCountry "RUS"]
[SourceTitle "playchess.com"]
[Source "ChessBase"]
[SourceQuality "1"]
[TimeControl "180+2"]

1. c4 {[%emt 0:00:00]} Nf6 {[%emt 0:00:00]} 2. Nc3 {[%emt 0:00:00]} e5 {[%emt 0:00:00]} 3. Nf3 {[%emt 0:00:03]} Nc6 {[%emt 0:00:01]} 4. e3 {[%emt 0:00:03]} d6 {[%emt 0:00:20]} 5. d4 {[%emt 0:00:05]} Be7 {[%emt 0:00:03]} 6. d5 {[%emt 0:00:02]} Nb8 {[%emt 0:00:01]} 7. e4 {[%emt 0:00:01]} a5 {[%emt 0:00:04]} 8. Bd3 {[%emt 0:00:02]} Na6 {[%emt 0:00:01]} 9. O-O {[%emt 0:00:02]} Nc5 {[%emt 0:00:02]} 10. Bc2 {[%emt 0:00:01]} O-O {[%emt 0:00:03]} 11. Be3 {[%emt 0:00:02]} b6 {[%emt 0:00:08]} 12. b3 {[%emt 0:00:11]} Bg4 {[%emt 0:00:14]} 13. h3 {[%emt 0:00:12]} Bxf3 {[%emt 0:00:02]} 14. Qxf3 {[%emt 0:00:02]} Nfd7 {[%emt 0:00:02]} 15. a3 {[%emt 0:00:04]} Bg5 {[%emt 0:00:17]} 16. b4 {[%emt 0:00:04]} Na6 {[%emt 0:00:02]} 17. Rab1 {[%emt 0:00:07]} Bxe3 {[%emt 0:00:06]} 18. Qxe3 {[%emt 0:00:02]} Nab8 {[%emt 0:00:19]} 19. Ba4 {[%emt 0:00:08]} Nf6 {[%emt 0:00:18]} 20. Rfc1 {[%emt 0:00:34]} axb4 {[%emt 0:00:08]} 21. axb4 {[%emt 0:00:01]} Nbd7 {[%emt 0:00:02]} 22. Bc6 {[%emt 0:00:17]} Ra3 {[%emt 0:00:03]} 23. Ra1 {[%emt 0:00:01]} Rxa1 {[%emt 0:00:09]} 24. Rxa1 {[%emt 0:00:01]} Nb8 {[%emt 0:00:12]} 25. Bb5 {[%emt 0:00:34]} Nh5 {[%emt 0:00:04]} 26. g3 {[%emt 0:00:09]} Qc8 {[%emt 0:00:03]} 27. Kg2 {[%emt 0:00:07]} g6 {[%emt 0:00:23]} 28. c5 {[%emt 0:00:10]} bxc5 {[%emt 0:00:04]} 29. bxc5 {[%emt 0:00:01]} Ng7 {[%emt 0:00:04]} 30. c6 {[%emt 0:00:07]} f5 {[%emt 0:00:04]} 31. Ra8 {[%emt 0:00:15]} f4 {[%emt 0:00:03]} 32. Qd2 {[%emt 0:00:03]} Qd8 {[%emt 0:00:09]} 33. Be2 {[%emt 0:00:14]} Qg5 {[%emt 0:00:04]} 34. Bf3 {[%emt 0:00:11]} Nd7 {[%emt 0:00:01]} 35. Rxf8+ {[%emt 0:00:04]} Nxf8 {[%emt 0:00:01]} 36. Nb5 {[%emt 0:00:01]} Ne8 {[%emt 0:00:03]} 37. Qa5 {[%emt 0:00:02]} Qe7 {[%emt 0:00:01]} 38. Bg4 {[%emt 0:00:02]} fxg3 {[%emt 0:00:03]} 39. fxg3 {[%emt 0:00:01]} h5 {[%emt 0:00:02]} 40. Bf3 {[%emt 0:00:02]} h4 {[%emt 0:00:01]} 41. Qd2 {[%emt 0:00:03]} hxg3 {[%emt 0:00:02]} 42. Kxg3 {[%emt 0:00:00]} Kg7 {[%emt 0:00:01]} 43. h4 {[%emt 0:00:03]} Nh7 {[%emt 0:00:03]} 44. Qe3 {[%emt 0:00:05]} Nhf6 {[%emt 0:00:01]} 45. Qg5 {[%emt 0:00:01]} Qd8 {[%emt 0:00:05]} 46. Kg2 {[%emt 0:00:04]} Qb8 {[%emt 0:00:01]} 47. Nc3 {[%emt 0:00:02]} Qb2+ {[%emt 0:00:03]} 48. Ne2 {[%emt 0:00:00]} Kf7 {[%emt 0:00:04]} 49. h5 {[%emt 0:00:03]} gxh5 {[%emt 0:00:05]} 50. Bxh5+ {[%emt 0:00:02]} Kf8 {[%emt 0:00:06]} 51. Bf3 {[%emt 0:00:04]} Kf7 {[%emt 0:00:09]} 52. Kh3 {[%emt 0:00:02]} Qb1 {[%emt 0:00:01]} 53. Ng3 {[%emt 0:00:01]} Qg1 {[%emt 0:00:04]} 54. Bh5+ {[%emt 0:00:03]} Kf8 {[%emt 0:00:01]} 55. Qh6+ {[%emt 0:00:02]} Ke7 {[%emt 0:00:03]} 56. Nf5+ {[%emt 0:00:02]} Kd8 {[%emt 0:00:01]} 57. Bxe8 {[%emt 0:00:03]} Qh1+ {[%emt 0:00:04]} 58. Kg3 {[%emt 0:00:01]} Nxe4+ {[%emt 0:00:03]} 59. Kg4 {[%emt 0:00:01]} Qxh6 {[%emt 0:00:02]} 60. Nxh6 {[%emt 0:00:01]} Nf6+ {[%emt 0:00:02]} 61. Kf5 {[%emt 0:00:01]} Nxe8 {[%emt 0:00:01]} 62. Ke6 {[%emt 0:00:07]} Ng7+ {[%emt 0:00:02]} 63. Kf6 {[%emt 0:00:02]} Nh5+ {[%emt 0:00:00]} 64. Kf5 {[%emt 0:00:00]} Ng3+ {[%emt 0:00:02]} 65. Ke6 {[%emt 0:00:03]} Nh5 {[%emt 0:00:02]} 66. Nf7+ {[%emt 0:00:02]} Kc8 {[%emt 0:00:02]} 67. Ng5 {[%emt 0:00:02]} Nf4+ {[%emt 0:00:01]} 68. Kf5 {[%emt 0:00:02]} Nxd5 {[%emt 0:00:01]} 69. Ke6 {[%emt 0:00:05]} Nb4 {[%emt 0:00:01]} 0-1

[Event "RUS-ch Men Blitz 2019"]
[Site "Sochi"]
[Date "2019.10.20"]
[Round "1.4"]
[White "Tenikashvili, Georgij"]
[Black "Bocharov, Dmitry"]
[Result "0-1"]
[WhiteElo "2337"]
[BlackElo "2519"]
[Annotator "ChessBase"]
[PlyCount "64"]
[EventDate "2019.10.17"]
[EventType "swiss"]
[EventCountry "RUS"]
[SourceTitle "playchess.com"]
[Source "ChessBase"]
[SourceQuality "1"]
[TimeControl "180+2"]

1. d4 {[%emt 0:00:01]} Nf6 {[%emt 0:00:00]} 2. Nf3 {[%emt 0:00:02]} e6 {[%emt 0:00:01]} 3. c4 {[%emt 0:00:03]} b6 {[%emt 0:00:02]} 4. a3 {[%emt 0:00:02]} Ba6 {[%emt 0:00:03]} 5. Qc2 {[%emt 0:00:03]} Bb7 {[%emt 0:00:01]} 6. Nc3 {[%emt 0:00:02]} c5 {[%emt 0:00:02]} 7. dxc5 {[%emt 0:00:23]} bxc5 {[%emt 0:00:04]} 8. Bg5 {[%emt 0:00:05]} Be7 {[%emt 0:00:03]} 9. e3 {[%emt 0:00:02]} d6 {[%emt 0:00:06]} 10. Be2 {[%emt 0:00:06]} Nbd7 {[%emt 0:00:03]} 11. O-O {[%emt 0:00:03]} O-O {[%emt 0:00:02]} 12. Rfd1 {[%emt 0:00:02]} Qc7 {[%emt 0:00:06]} 13. h3 {[%emt 0:00:02]} a6 {[%emt 0:00:16]} 14. Bf4 {[%emt 0:00:36]} Rfd8 {[%emt 0:00:10]} 15. Rd2 {[%emt 0:00:04]} h6 {[%emt 0:00:15]} 16. Rad1 {[%emt 0:00:04]} Nb6 {[%emt 0:00:02]} 17. b3 {[%emt 0:00:14]} Rac8 {[%emt 0:00:05]} 18. Bh2 {[%emt 0:00:29]} Rd7 {[%emt 0:00:33]} 19. Ne1 {[%emt 0:00:04]} Qd8 {[%emt 0:00:05]} 20. Bf3 {[%emt 0:00:02]} d5 {[%emt 0:00:06]} 21. cxd5 {[%emt 0:00:05]} exd5 {[%emt 0:00:03]} 22. Nd3 {[%emt 0:00:31]} d4 {[%emt 0:00:06]} 23. Ne5 {[%emt 0:00:23]} Bxf3 {[%emt 0:00:07]} 24. Nxd7 {[%emt 0:00:07]} Bxd1 {[%emt 0:00:17]} 25. Nxf6+ {[%emt 0:00:06]} Bxf6 {[%emt 0:00:02]} 26. Qxd1 {[%emt 0:00:02]} dxc3 {[%emt 0:00:44]} 27. Rxd8+ {[%emt 0:00:01]} Rxd8 {[%emt 0:00:01]} 28. Qc1 {[%emt 0:00:03]} Rd2 {[%emt 0:00:01]} 29. e4 {[%emt 0:00:04]} Bd4 {[%emt 0:00:01]} 30. Bg3 {[%emt 0:00:01]} c4 {[%emt 0:00:06]} 31. bxc4 {[%emt 0:00:05]} Nxc4 {[%emt 0:00:01]} 32. Kf1 {[%emt 0:00:03]} c2 {[%emt 0:00:04]} 0-1